Selección, preparación y exposición de porcinos /
Guardado en:
| Autor Principal: | |
|---|---|
| Formato: | Libro |
| Publicado: |
Buenos Aires :
Albatros,
1981
|
| Materias: | |
| Etiquetas: |
Agregar Etiqueta
Sin Etiquetas, Sea el primero en etiquetar este registro!
|
| LEADER | 00584nam a22001935a 4500 | ||
|---|---|---|---|
| 001 | CEM.cems016032 | ||
| 005 | 20100922171844.0 | ||
| 008 | 130507s1981##################000#0#####d | ||
| 003 | CEMS | ||
| 082 | 0 | 4 | |a 636.4 |
| 100 | 1 | |a Nordby, Julius E | |
| 245 | 1 | 0 | |a Selección, preparación y exposición de porcinos / |c Julius E Nordby, Herbert E Lattig |
| 260 | |a Buenos Aires : |b Albatros, |c 1981 | ||
| 300 | |a 113 p. | ||
| 653 | |a Ganadería | ||
| 653 | |a Porcinos-exposición | ||
| 653 | |a Porcinos-selección | ||
| 653 | |a Porcinos | ||
| 859 | |a CEMS |b BIB. CEMS - Agricultura |h 636.4 |i N753 |p A12220.83 |t Ej.1 | ||
